00872cam a22002411 450000100060000000300080000600500170001400800390003103500190007004000320008904100080012108200200012910000480014924500970019726000330029430000200032750400290034765000290037670000490040594200120045499900170046695201470048330265BD-RjUL20211209051534.0140409s1965 nyua b 000 0 eng a(BD-RjUL)30350 aDLCcDLCdDLCdBD-RjULbeng aeng00a136.7bJOC 19651 aJohnson, Ronald C.q(Ronald Charles)99200910aChild psychology: behavior and development /c[by] Ronald C. Johnson [and] Gene R. Medinnus. aNew York :bJ. Wiley,c1965. a84 p. ;c24 cm. aIncludes bibliographies. 0aChild psychology.9920101 aMedinnus, Gene Roland,ejoint author.931124 2ddccBK c30265d30265 00102ddc40718NFICaRUCLbRUCLcReadingd1977-03-31eLions internationalg0.00l0o136.7 JOC 1965r2014-04-09 00:00:00tC-1w2021-12-09yBK